| 000 | 01882nam a22002657a 4500 | ||
|---|---|---|---|
| 999 |
_c62329 _d62329 |
||
| 003 | Ge_BSU | ||
| 005 | 20241007163430.0 | ||
| 008 | 241007s2022 ge ||||| |||| 00| 0 geo d | ||
| 020 | _a1987-9288 | ||
| 041 | _ageo | ||
| 080 | _a001(479.22)(058) წ-35 | ||
| 245 |
_aწელიწდეული : _bXIV. ეძღვნება აფხაზეთის ასსრ მეცნიერების დამსახურებულ მოღვაწეს, ენათმეცნიერს, ლიტერატორს, აფხაზოლოგ ბაგრატ ჯანაშიას / _cსარედ. საბჭო : ნ. ბართაია, ლ. ბებურიშვილი, მ. ბერიძე და სხვ.; პროექტის რედ. გ. ქობალიანი; ქუთაისის ილია ჭავჭავაძის სახელობის საჯარო ბიბლიოთეკა. |
||
| 264 |
_aქუთაისი, _c2022. |
||
| 300 |
_a386 გვ. ; _b24 სმ. |
||
| 504 | _aბიბლიოგრაფია სტატიების ბოლოს | ||
| 653 | _a წელიწდეული | ||
| 653 | _aბაგრატ ჯანაშია | ||
| 700 |
_a ბართაია, ნ. _eრედაქტორი _923324 |
||
| 700 |
_aბებურიშვილი, ლ. _eრედაქტორი _923074 |
||
| 700 |
_aბერიძე, მ. და სხვ.; _eრედაქტორი _923325 |
||
| 700 |
_aქობალიანი, გ. _eპროექტის რედ. _914101 |
||
| 710 |
_aქუთაისის ილია ჭავჭავაძის სახელობის საჯარო ბიბლიოთეკა. _923326 |
||
| 773 | _tნაჩუქარი | ||
| 942 |
_2udc _cᲬᲘᲒᲜᲘ |
||